[Event "Wch Seniors 12th"]
[Site "Naumburg"]
[Date "2002.10.28"]
[Round "6"]
[White "Karol, Wolfgang"]
[Black "Mueller, Hartmut Dieter"]
[Result "1-0"]
[WhiteElo "1630"]
[BlackElo "1505"]
[PlyCount "77"]
[EventDate "2002.10.21"]
[EventType "swiss"]
[EventRounds "11"]
[EventCountry "GER"]
[SourceTitle "EXT 2006"]
[Source "ChessBase"]
[SourceDate "2005.11.24"]
[SourceVersion "1"]
[SourceVersionDate "2005.11.24"]
[SourceQuality "1"]

1. d4 Nf6 2. Nc3 e6 3. e4 Bb4 4. Bd3 d5 5. e5 Ne4 6. Nge2 0-0 7. 0-0 f5 8. f4 c5 9. a3 Ba5 10. dxc5 Nxc5 11. b4 Nxd3 12. cxd3 Bb6+ 13. d4 Bd7 14. Na4 Bc7 15. Nc5 Bc8 16. Be3 b6 17. Na4 Ba6 18. Nb2 Qe8 19. Rf3 Qh5 20. Rc1 Bd8 21. Bf2 Qg6 22. Nc3 Nd7 23. Qb3 Rc8 24. b5 Bb7 25. Ne2 Ra8 26. Rfc3 Qh5 27. Qd1 Kh8 28. Nd3 Rg8 29. Nb4 Qf7 30. Nc6 g5 31. Nxd8 Raxd8 32. Rc7 Rb8 33. Qa4 Rgc8 34. Qxa7 Rxc7 35. Rxc7 Rd8 36. Qxb7 gxf4 37. Bh4 Rg8 38. Bf6+ Rg7 39. Rxd7 1-0

[Event "Bayern-ch Seniors 13th"]
[Site "Schloss Schney"]
[Date "2001.??.??"]
[Round "2"]
[White "Karol, Wolfgang"]
[Black "Froeling, Philippa"]
[Result "1-0"]
[WhiteElo "1644"]
[BlackElo "1386"]
[PlyCount "59"]
[EventDate "2001.06.??"]
[EventType "swiss"]
[EventRounds "9"]
[EventCountry "GER"]
[SourceTitle "EXT 2006"]
[Source "ChessBase"]
[SourceDate "2005.11.24"]
[SourceVersion "1"]
[SourceVersionDate "2005.11.24"]
[SourceQuality "1"]

1. d4 d5 2. Nc3 e6 3. e4 dxe4 4. Nxe4 Nf6 5. Bg5 Be7 6. Bxf6 Bxf6 7. Nf3 0-0 8. Qd2 b6 9. 0-0-0 Bb7 10. Qe3 Bxe4 11. Qxe4 Qd5 12. Bd3 Qxe4 13. Bxe4 c6 14. g4 g6 15. h4 Be7 16. Ne5 Rc8 17. f4 f6 18. Nf3 f5 19. gxf5 exf5 20. Bd3 Nd7 21. h5 Nf6 22. hxg6 hxg6 23. Ne5 Ne4 24. Rdg1 g5 25. Bxe4 fxe4 26. Rh6 c5 27. Rg6+ Kf8 28. Rh1 Ke8 29. Rh8+ Bf8 30. Re6+ 1-0

[Event "Bayern-ch Seniors 13th"]
[Site "Schloss Schney"]
[Date "2001.??.??"]
[Round "6"]
[White "Karol, Wolfgang"]
[Black "Weinberg, Wladimir"]
[Result "0-1"]
[WhiteElo "1644"]
[BlackElo "1855"]
[PlyCount "28"]
[EventDate "2001.06.??"]
[EventType "swiss"]
[EventRounds "9"]
[EventCountry "GER"]
[SourceTitle "EXT 2006"]
[Source "ChessBase"]
[SourceDate "2005.11.24"]
[SourceVersion "1"]
[SourceVersionDate "2005.11.24"]
[SourceQuality "1"]

1. d4 Nf6 2. Nc3 g6 3. e4 d6 4. f4 Bg7 5. Nf3 0-0 6. Be2 c5 7. e5 Nfd7 8. Be3 cxd4 9. Bxd4 Nc6 10. 0-0 Nxd4 11. Qxd4 dxe5 12. fxe5 Nxe5 13. Qe3 Nxf3+ 14. Bxf3 Bd4 0-1

[Event "Bayern-ch Seniors 12th"]
[Site "Schloss Schney"]
[Date "2000.??.??"]
[Round "9"]
[White "Schmitzer, Heinrich"]
[Black "Karol, Wolfgang"]
[Result "1-0"]
[WhiteElo "1825"]
[BlackElo "1682"]
[PlyCount "61"]
[EventDate "2000.11.02"]
[EventType "swiss"]
[EventRounds "9"]
[EventCountry "GER"]
[SourceTitle "EXT 2002"]
[Source "ChessBase"]
[SourceDate "2001.11.25"]
[SourceVersion "1"]
[SourceVersionDate "2001.11.25"]
[SourceQuality "1"]

1. c4 e5 2. Nc3 Nf6 3. g3 c6 4. e4 d6 5. Bg2 Be6 6. b3 Nbd7 7. Nge2 Be7 8. 0-0 0-0 9. d4 Re8 10. d5 Bg4 11. h3 Bh5 12. g4 Bg6 13. Ng3 Nb6 14. dxc6 bxc6 15. Be3 Qc7 16. Qe2 Rab8 17. Rfd1 Red8 18. Rd2 Rd7 19. Rad1 Rbd8 20. h4 h6 21. f4 Qb8 22. f5 Bh7 23. g5 Ne8 24. Kf2 hxg5 25. hxg5 Nc7 26. Rh1 d5 27. Qh5 Kf8 28. Qxh7 Ke8 29. Qxg7 Bb4 30. Rh8+ Ke7 31. Qf6# 1-0

[Event "Bayern-ch Seniors 12th"]
[Site "Schloss Schney"]
[Date "2000.??.??"]
[Round "5"]
[White "Wittkugel, Friedhelm"]
[Black "Karol, Wolfgang"]
[Result "1-0"]
[WhiteElo "1890"]
[BlackElo "1682"]
[PlyCount "51"]
[EventDate "2000.11.02"]
[EventType "swiss"]
[EventRounds "9"]
[EventCountry "GER"]
[SourceTitle "EXT 2002"]
[Source "ChessBase"]
[SourceDate "2001.11.25"]
[SourceVersion "1"]
[SourceVersionDate "2001.11.25"]
[SourceQuality "1"]

1. d4 d5 2. Nf3 Nf6 3. Bg5 e6 4. Nbd2 Be7 5. Bxf6 Bxf6 6. e4 dxe4 7. Nxe4 Nc6 8. c3 Be7 9. Bd3 0-0 10. h4 b6 11. Qe2 Na5 12. Neg5 h6 13. Qe4 f5 14. Qxa8 hxg5 15. hxg5 Bxg5 16. Ne5 Qf6 17. Qf3 Bh6 18. Qh5 Nb7 19. Rh3 Nc5 20. Rg3 g5 21. Bc2 Nd7 22. Rh3 Kg7 23. Qe2 Re8 24. Rh2 Nf8 25. Qh5 Nd7 26. Qxe8 1-0

[Event "Bayern-ch Seniors 11th"]
[Site "Schloss Schney"]
[Date "1999.??.??"]
[Round "5"]
[White "Karol, Wolfgang"]
[Black "Koch, Herbert"]
[Result "0-1"]
[WhiteElo "1757"]
[BlackElo "1812"]
[PlyCount "100"]
[EventDate "1999.11.??"]
[EventType "swiss"]
[EventRounds "9"]
[EventCountry "GER"]
[SourceTitle "EXT 2002"]
[Source "ChessBase"]
[SourceDate "2001.11.25"]
[SourceVersion "1"]
[SourceVersionDate "2001.11.25"]
[SourceQuality "1"]

1. d4 Nf6 2. Nc3 e6 3. e4 d5 4. Bg5 Bb4 5. e5 h6 6. Bd2 Bxc3 7. bxc3 Ne4 8. Bc1 c5 9. Qg4 g6 10. Bd3 Nxc3 11. Nf3 c4 12. Bxg6 fxg6 13. Qxg6+ Kd7 14. Qg7+ Kc6 15. 0-0 Qg8 16. Qe7 Qf8 17. Ba3 Qxe7 18. Bxe7 Na6 19. a4 b6 20. Nd2 Ne2+ 21. Kh1 Nxd4 22. c3 Ne2 23. Ra3 Nf4 24. Nf3 Bb7 25. Nd4+ Kd7 26. Bf6 Rhg8 27. g3 Nd3 28. Ra2 Nac5 29. f3 Bc6 30. f4 Ne4 31. f5 exf5 32. Rxf5 Rae8 33. e6+ Rxe6 34. Bh4 Ng5 35. Bxg5 Rxg5 36. Rf7+ Kd6 37. Kg2 h5 38. Kh3 Bd7 39. Kg2 Re4 40. Nf3 Rg6 41. Nd4 h4 42. Re2 Nf4+ 43. Rxf4 Rxf4 44. Rf2 Rxf2+ 45. Kxf2 hxg3+ 46. hxg3 Bxa4 47. Kf3 Bd1+ 48. Kf2 a5 49. Ke1 Bb3 50. Kd2 Kc5 0-1

[Event "Bayern-ch Seniors 11th"]
[Site "Schloss Schney"]
[Date "1999.??.??"]
[Round "9"]
[White "Karol, Wolfgang"]
[Black "Petermann, Harald"]
[Result "1/2-1/2"]
[WhiteElo "1757"]
[BlackElo "1628"]
[PlyCount "72"]
[EventDate "1999.11.??"]
[EventType "swiss"]
[EventRounds "9"]
[EventCountry "GER"]
[SourceTitle "EXT 2002"]
[Source "ChessBase"]
[SourceDate "2001.11.25"]
[SourceVersion "1"]
[SourceVersionDate "2001.11.25"]
[SourceQuality "1"]

1. d4 Nf6 2. Nc3 g6 3. e4 d6 4. h3 Bg7 5. Be3 0-0 6. Qd2 Nbd7 7. Bh6 b6 8. Bd3 Bb7 9. 0-0-0 Rc8 10. Bxg7 Kxg7 11. f4 e5 12. dxe5 dxe5 13. f5 Nc5 14. Qe3 Nxd3+ 15. Rxd3 Qe7 16. fxg6 hxg6 17. Nf3 Rcd8 18. Nh4 Nxe4 19. Nxg6 Rxd3 20. cxd3 Qg5 21. Qxg5 Nxg5 22. Nxe5 f6 23. Nc4 Bxg2 24. Rg1 Bxh3 25. Ne4 Kg6 26. Rg3 Bf5 27. Ne5+ Kh5 28. Nxg5 fxe5 29. Nf3 Bxd3 30. Nxe5 Be4 31. Rg7 Rf1+ 32. Kd2 c6 33. Rxa7 Bd5 34. a3 Rf2+ 35. Kc3 Re2 36. Nd7 Ba2 1/2-1/2

[Event "Bayern-ch Seniors 09th"]
[Site "Schloss Schney"]
[Date "1997.??.??"]
[Round "1"]
[White "Karol, Wolfgang"]
[Black "Gerdes, Hans"]
[Result "0-1"]
[WhiteElo "1757"]
[BlackElo "1910"]
[PlyCount "161"]
[EventDate "1997.??.??"]
[EventType "swiss"]
[EventRounds "9"]
[EventCountry "GER"]
[SourceTitle "EXT 1999"]
[Source "ChessBase"]
[SourceDate "1998.11.16"]
[SourceVersion "1"]
[SourceVersionDate "1998.11.16"]
[SourceQuality "1"]

1. d4 f5 2. g3 Nf6 3. Bg2 c6 4. c4 g6 5. Nc3 d6 6. e4 Bg7 7. Bf4 0-0 8. Nge2 Na6 9. 0-0 Nh5 10. Be3 Qc7 11. Qd2 e5 12. Bh6 Nb4 13. Bxg7 Qxg7 14. a3 Na6 15. exf5 Bxf5 16. f4 exd4 17. Nxd4 Rad8 18. Rae1 Bc8 19. Ne6 Bxe6 20. Rxe6 Rf6 21. Rfe1 Rxe6 22. Rxe6 Qc7 23. Ne4 d5 24. cxd5 cxd5 25. Nc3 d4 26. Nd5 Qc4 27. Qe1 Ng7 28. Nf6+ Kh8 29. Re7 Qc5 30. b4 Qd6 31. Nd5 Nb8 32. Qe5 Qxe5 33. Rxe5 Nc6 34. Re1 Nf5 35. b5 Na5 36. g4 Nd6 37. Nf6 Kg7 38. g5 Nf5 39. Rc1 d3 40. Rc7+ Kf8 41. Nxh7+ Ke8 42. Nf6+ Kf8 43. Bd5 Ne7 44. Nh7+ Ke8 45. Nf6+ Kf8 46. Bf3 Rd4 47. Kf2 d2 48. Rd7 Rxf4 49. Rxd2 Rf5 50. a4 Rf4 51. Ne4 Nc4 52. Rd8+ Kf7 53. Kg3 Rf5 54. Rd4 Rc5 55. Rxc4 Nf5+ 56. Kf2 Rxc4 57. Nd2 Rxa4 58. Bxb7 Rb4 59. Bc6 Rb2 60. Ke1 Nd4 61. Bd5+ Ke7 62. Bc4 Nxb5 63. h4 Nd4 64. Bd3 Kf7 65. Bc4+ Kg7 66. Bd3 a5 67. Nc4 Ra2 68. Ne5 a4 69. Nxg6 a3 70. h5 Nf3+ 71. Kd1 Rd2+ 72. Kc1 Rxd3 73. Nf4 a2 74. h6+ Kh7 75. Kb2 Ra3 76. Ka1 Nxg5 77. Nd5 Ne4 78. Nb4 Nc3 79. Nc2 Ra8 80. Na3 Rb8 81. Nb5 0-1

[Event "Bayern-ch Seniors 09th"]
[Site "Schloss Schney"]
[Date "1997.??.??"]
[Round "9"]
[White "Ruf, Karl"]
[Black "Karol, Wolfgang"]
[Result "1/2-1/2"]
[WhiteElo "1681"]
[BlackElo "1757"]
[PlyCount "80"]
[EventDate "1997.??.??"]
[EventType "swiss"]
[EventRounds "9"]
[EventCountry "GER"]
[SourceTitle "EXT 1999"]
[Source "ChessBase"]
[SourceDate "1998.11.16"]
[SourceVersion "1"]
[SourceVersionDate "1998.11.16"]
[SourceQuality "1"]

1. e4 Nf6 2. Nc3 d5 3. exd5 Nxd5 4. Nxd5 Qxd5 5. d4 c5 6. Be3 cxd4 7. Bxd4 Nc6 8. Bc3 Qe4+ 9. Qe2 Bf5 10. Qxe4 Bxe4 11. 0-0-0 Rd8 12. Re1 Bg6 13. Bb5 Rc8 14. Nf3 f6 15. Nd4 a6 16. Nxc6 bxc6 17. Bxa6 Ra8 18. Bc4 Bf7 19. Bxf7+ Kxf7 20. a3 e6 21. Re4 Bd6 22. g3 Rhd8 23. Rd1 e5 24. Rc4 Ra6 25. Bb4 Ke6 26. Re4 Bc7 27. Rxd8 Bxd8 28. b3 c5 29. Bxc5 Kd5 30. Rc4 Rc6 31. Bf8 Rxc4 32. bxc4+ Kxc4 33. Kb2 g6 34. a4 f5 35. Bh6 Kb4 36. Bf8+ Kxa4 37. c4 Bf6 38. Kc2 e4 39. Bc5 Be5 40. h3 h5 1/2-1/2